Stare loga drużyn NBA! - Statystyki

Ogólne statystyki
  • Ten quiz został rozwiązany 102 razy
  • Średni wynik to 11 z 16
Statystyki odpowiedzi
Obrazkowy Odpowiedź % Poprawnych
Boston Celtics
94%
Atlanta Hawks
93%
Memphis Grizzlies
87%
Milwaukee Bucks
85%
Washington Wizards
85%
Seattle SuperSonics / Oklahoma City Thunder
80%
Dallas Mavericks
79%
Phoenix Suns
75%
Golden State Warriors
74%
Denver Nuggets
73%
Houston Rockets
64%
Los Angeles Lakers
54%
Detroit Pistons
48%
New York Knicks
47%
Sacramento Kings
41%
Cleveland Cavaliers
40%
Nie znaleziono quizów pasujących do podanych kryteriów
Rozkład punktacji
Procent ludzi z każdym wynikiem
Percentyl według liczby udzielonych odpowiedzi
Twoja historia wyników
Nie rozwiązałeś tego quizu